Finančný manažment a bankovníctvo

Enregistré dans:
Détails bibliographiques
Auteur principal: Vlachynský, Karol
Autres auteurs: Hlavatá, Irena
Format: Livre
Langue:slovaque
Publié: Bratislava VŠE 1991
Sujets:
Tags: Ajouter un tag
Pas de tags, Soyez le premier à ajouter un tag!

MARC

LEADER 00000nam a2200000 4500
001 c000846
005 20260325072935.7
041 0 |a slo 
044 |a SK 
245 1 0 |a Finančný manažment a bankovníctvo  |c Karol Vlachynský, Irena Hlavatá 
264 1 |a Bratislava  |b VŠE  |c 1991 
300 |a 57 s. 
610 2 0 |a manažment 
610 2 0 |a bankovníctvo 
610 2 0 |a banky 
610 2 0 |a ČSFR 
610 2 0 |a sústava banková 
610 2 0 |a operácie bankové 
610 2 0 |a zisk 
610 2 0 |a kapitál 
610 2 0 |a podnik 
610 2 0 |a politika menová 
610 2 0 |a účtovníctvo 
610 2 0 |a hospodárenie finančné 
610 2 0 |a banky obchodné 
610 2 0 |a kurz devízový 
610 2 0 |a konvertibilita 
610 2 0 |a služby 
100 1 |a Vlachynský, Karol 
700 1 |a Hlavatá, Irena